[Event "Mecklenburg-Schleswig/Holstein"]
[Site "Mecklenburg"]
[Date "1994.??.??"]
[Round "?"]
[White "Hennings, Artur"]
[Black "Sieg, Ulrich"]
[Result "1/2-1/2"]
[WhiteElo "2355"]
[BlackElo "2330"]

1.e4 g6 2.d4 Bg7 3.Nc3 d6 4.Be3 a6 5.Qd2 b5 6.f3 Bb7 7.Nh3 Nd7 8.Be2 c5 9.Nf2 Qc7
10.O-O Ngf6 11.d5 O-O 12.Bh6 c4 13.Bxg7 Kxg7 14.b4 cxb3 15.cxb3 Rac8 16.Rfc1 Qb6
17.b4 Ne5 18.Nd1 e6 19.dxe6 fxe6 20.Ne3 Nh5 21.Rxc8 Rxc8 22.Rc1 Rxc1+ 23.Qxc1 Nf4
24.Bf1 h5 25.Qc3 g5 26.g3 Ng6 27.Be2 Kh7 28.Kf1 Qc6 29.Qd4 Qc1+ 30.Nfd1 Qc7
31.Nc3 Nc6 32.Qd2 Nce5 33.Nc2 Qe7 34.Nd4 Nc6 35.Nc2 Qf6 36.Ke1 Qe5 37.Qe3 Qf6
38.Kd2 Kg7 39.Qb6 Qe7 40.a3 Kh7 41.Kc1 Qg7 42.Kd2 Qd7  1/2-1/2

[Event "Metz op"]
[Site "Metz"]
[Date "1994.??.??"]
[Round "2"]
[White "Forster, Richard"]
[Black "Krasenkow, Michal"]
[Result "1-0"]
[WhiteElo "2330"]
[BlackElo "2565"]

1.e4 g6 2.d4 Bg7 3.Nc3 d6 4.f4 Nc6 5.Bb5 a6 6.Bxc6+ bxc6 7.Nf3 Nf6 8.O-O O-O
9.e5 Nd7 10.Be3 Bb7 11.Ng5 h6 12.Nge4 f5 13.exf6 Nxf6 14.Nxf6+ Rxf6 15.Ne4 Rf7
16.h4 c5 17.d5 Qd7 18.Ng3 e6 19.h5 exd5 20.hxg6 Re7 21.Bd2 d4 22.Qh5 Rf8
23.f5 Re3 24.Bxe3 dxe3 25.c3 Be5 26.Ne2 Kg7 27.Rae1 Qa4 28.Qh3 Qxa2 29.Qxe3 Qc4
30.Qh3 h5 31.Nf4 Bxf4 32.Re7+ Kf6 33.Qh4+ Kxf5 34.Rf7+  1-0

[Event "Metz op"]
[Site "Metz"]
[Date "1994.??.??"]
[Round "7"]
[White "Prie, Eric"]
[Black "Krasenkow, Michal"]
[Result "1-0"]
[WhiteElo "2475"]
[BlackElo "2565"]

1.e4 g6 2.d4 Bg7 3.Nc3 d6 4.f4 Nc6 5.Nf3 Bg4 6.Bb5 Bxf3 7.gxf3 a6 8.Bxc6+ bxc6
9.Be3 e6 10.Qd2 Qh4+ 11.Bf2 Qh5 12.Qd3 Ne7 13.O-O-O Bh6 14.Ne2 O-O 15.Kb1 Rfb8
16.c4 d5 17.Rc1 Qh3 18.Bg3 dxe4 19.fxe4 f5 20.e5 g5 21.Qd2 gxf4 22.Bxf4 Bxf4
23.Nxf4 Qh6 24.Rhg1+ Kf7 25.d5 Rd8 26.dxe6+ Ke8 27.Qf2 Rab8 28.Rg2 Ng6 29.Nxg6 hxg6
30.Rcg1 Qh3 31.Qe2 f4 32.Rxg6 Qf5+ 33.Kc1 f3 34.Qe3 Rd1+ 35.Rxd1 Qxg6 36.Qxf3 Qxe6
37.Qh5+ Qf7 38.Qxf7+ Kxf7 39.Rd7+ Ke6 40.Rxc7  1-0

[Event "Mlada Boleslav op"]
[Site "Mlada Boleslav"]
[Date "1994.??.??"]
[Round "9"]
[White "Gogichaishvili, Giorgi"]
[Black "Voloshin, Leonid"]
[Result "0-1"]
[WhiteElo "2410"]
[BlackElo "2390"]

1.e4 g6 2.d4 Bg7 3.Nc3 d6 4.Nf3 Nf6 5.Be2 O-O 6.O-O c6 7.a4 Bg4 8.Be3 d5
9.h3 Bxf3 10.Bxf3 dxe4 11.Nxe4 Nxe4 12.Bxe4 Nd7 13.c3 Nf6 14.Bf3 Nd5 15.Bg5 h6
16.Bh4 Qd7 17.Re1 e6 18.Bg3 Rad8 19.Qb3 Qe7 20.Rad1 Rd7 21.Rd3 Rfd8 22.Red1 h5
23.a5 a6 24.Bh2 Qg5 25.Qc2 Nf4 26.Bxf4 Qxf4 27.Qe2 Bf8 28.Qe4 Qxe4 29.Bxe4 f5
30.Bf3 e5 31.Be2 e4 32.R3d2 Kg7 33.g4 hxg4 34.hxg4 Bd6 35.Kg2 Bf4 36.Rc2 c5
37.Bc4 cxd4 38.cxd4 Rxd4 39.Rxd4 Rxd4  0-1

[Event "Mondariz op"]
[Site "Mondariz"]
[Date "1994.??.??"]
[Round "?"]
[White "Jepson, Christian"]
[Black "Hall, Jesper"]
[Result "1/2-1/2"]
[WhiteElo "2325"]
[BlackElo "2435"]

1.e4 d6 2.d4 g6 3.Nc3 Bg7 4.Nf3 a6 5.a4 Bg4 6.Be2 Nc6 7.Be3 e5 8.dxe5 dxe5
9.Qxd8+ Rxd8 10.Nd5 Rd7 11.O-O-O Nf6 12.Nxf6+ Bxf6 13.h3 Be6  1/2-1/2

[Event "Mondariz op"]
[Site "Mondariz"]
[Date "1994.??.??"]
[Round "?"]
[White "Sion Castro, Marcelino"]
[Black "Hillarp Persson, Tiger"]
[Result "0-1"]
[WhiteElo "2380"]
[BlackElo "2380"]

1.e4 g6 2.d4 Bg7 3.Nc3 d6 4.Be3 a6 5.Qd2 Nd7 6.a4 b6 7.f3 c5 8.d5 Ne5 9.h3 f5
10.f4 Nf7 11.exf5 Bxf5 12.g4 Bd7 13.Nf3 Nf6 14.Ng5 Qc8 15.Bc4 O-O 16.Ne6 b5
17.Nxf8 Kxf8 18.axb5 axb5 19.Rxa8 Qxa8 20.Bxb5 Bxb5 21.Nxb5 Ne4 22.Qg2 Qa1+
23.Ke2 Ng3+ 24.Qxg3 Qxh1 25.Qf3 Qh2+ 26.Bf2 Bxb2 27.Nc7 Nd8 28.c3 Bc1 29.Qd3 Qxf4
30.Qb5 Qe4+ 31.Kd1 Bg5 32.Be1 c4 33.Bd2 Qd3 34.Qb2 Kf7 35.Qc2 Qxd2+ 36.Qxd2 Bxd2
37.Kxd2 Kf6 38.Ke3 Ke5 39.g5 e6 40.Ne8 Kxd5 41.Nf6+ Ke5 42.Nxh7 Kf5 43.Nf6 d5
44.h4 Nc6 45.Nh7 e5 46.Nf6 d4+ 47.Kd2 Ne7 48.Ne8 Ke6 49.Nc7+ Kf5 50.Nb5 Ke4
51.Nd6+ Kd5 52.Ne8 d3 53.Nf6+ Ke6 54.h5 gxh5 55.Nxh5 e4 56.g6 Nd5  0-1

[Event "Mondariz op"]
[Site "Mondariz"]
[Date "1994.??.??"]
[Round "?"]
[White "Hall, Jesper"]
[Black "Strikovic, Aleksa"]
[Result "1-0"]
[WhiteElo "2435"]
[BlackElo "2515"]

1.e4 g6 2.d4 Bg7 3.Nc3 d6 4.Be3 c6 5.Qd2 Nd7 6.f3 b5 7.d5 b4 8.dxc6 bxc3
9.cxd7+ Bxd7 10.bxc3 Qa5 11.Bd4 Nf6 12.Bc4 Rc8 13.Bb3 Bc6 14.Ne2 e5 15.Bf2 d5
16.exd5 Nxd5 17.Rd1 Ne7 18.Qd6 Qc7 19.O-O O-O 20.Ng3 Qxd6 21.Rxd6 a5 22.a4 Nf5
23.Nxf5 gxf5 24.Bb6 e4 25.fxe4 fxe4 26.Bxa5 e3 27.Rd3 e2 28.Re1 Rfe8 29.Kf2 Re5
30.Bb6 Rf5+ 31.Kxe2 Bxg2 32.Bd4 Re8+ 33.Re3 Rxe3+ 34.Kxe3 Bh6+ 35.Ke2 Bh3
36.Rg1+ Kf8 37.c4 Bf4 38.c5 Bxh2 39.Rh1 Bg4+ 40.Kd3 Rf3+ 41.Kc4 Rh3 42.Kb4 Bf3
43.Rf1 Bb8 44.a5 h5 45.a6 Ke7 46.c3 h4 47.Re1+ Kd7 48.Bf6 Rh1 49.Ba4+  1-0

[Event "Mondariz op"]
[Site "Mondariz"]
[Date "1994.??.??"]
[Round "?"]
[White "Hillarp Persson, Tiger"]
[Black "Todorcevic, Miodrag"]
[Result "0-1"]
[WhiteElo "2380"]
[BlackElo "2490"]

1.d4 g6 2.e4 Bg7 3.Nc3 d6 4.Be3 c6 5.Qd2 Nd7 6.h4 h5 7.Nh3 Ngf6 8.f3 b5 9.Ng5 O-O
10.O-O-O b4 11.Ne2 Qa5 12.Kb1 c5 13.dxc5 dxc5 14.Nf4 Bb7 15.g4 Ne5 16.gxh5 Nxf3
17.Nxf3 Nxe4 18.Qg2 Bxb2 19.Bc4 Bg7 20.hxg6 Nc3+ 21.Kc1 Qa3+ 22.Kd2 Rad8+
23.Nd3 e6 24.h5 Be4 25.h6 Bxd3 26.gxf7+ Rxf7 27.Qxg7+ Rxg7 28.Bxe6+ Rf7 29.Bxf7+ Kxf7
30.Ne5+ Ke6 31.Nxd3 Rxd3+ 32.Kxd3 Nxd1+  0-1

[Event "Mondariz op"]
[Site "Mondariz"]
[Date "1994.??.??"]
[Round "?"]
[White "Strikovic, Aleksa"]
[Black "Hillarp Persson, Tiger"]
[Result "0-1"]
[WhiteElo "2515"]
[BlackElo "2380"]

1.e4 g6 2.d4 Bg7 3.Nc3 d6 4.Bg5 c5 5.dxc5 Qa5 6.Ne2 Qxc5 7.Qd2 Nf6 8.f3 O-O
9.Be3 Qa5 10.Nd4 Nc6 11.Nb3 Qc7 12.Nb5 Qb8 13.c4 Ne5 14.Be2 a6 15.Nc3 b5
16.cxb5 axb5 17.Nxb5 Be6 18.N5d4 Nc4 19.Bxc4 Bxc4 20.Nc6 Qc7 21.Nba5 Bb5
22.Rc1 Ra6 23.Nb4 Qxa5 24.Nxa6 Qxa6 25.b3 Ra8 26.a4 Bd7 27.Kf2 Be6 28.Rc7 Bxb3
29.Rxe7 Qxa4 30.Rb1 Be6 31.Reb7 h5 32.Qxd6 Kh7 33.Kg1 Rc8 34.Ra7 Qc2 35.Rab7 Qa2
36.Rc1 Rxc1+ 37.Bxc1 Nxe4 38.fxe4 Qe2 39.Bd2 Bh3  0-1

[Event "Moscow-ch"]
[Site "Moscow"]
[Date "1994.??.??"]
[Round "?"]
[White "Veselovsky, Sergey"]
[Black "Korotylev, Alexey"]
[Result "0-1"]
[WhiteElo "2435"]
[BlackElo "2430"]

1.e4 g6 2.d4 d6 3.Nc3 Bg7 4.Be3 c6 5.Qd2 b5 6.Bd3 Nf6 7.Bh6 Bxh6 8.Qxh6 Qa5
9.Nf3 b4 10.Ne2 Bg4 11.Ng5 Bxe2 12.Bxe2 Nbd7 13.f4 c5 14.e5 b3+ 15.c3 cxd4
16.exf6 dxc3 17.bxc3 Qxc3+ 18.Kf2 b2 19.Rae1 Qxf6 20.Kg3 Nc5 21.Bf3 Rb8 22.Ne4 Nxe4+
23.Bxe4 Kd7 24.h4 Rhc8 25.Qg5 Qd4  0-1

[Event "Moscow ol (Men)"]
[Site "Moscow"]
[Date "1994.??.??"]
[Round "1"]
[White "Bryson, Douglas M"]
[Black "Ramos, A."]
[Result "1-0"]
[WhiteElo "2370"]
[BlackElo "2170"]

1.e4 g6 2.d4 Bg7 3.Nc3 d6 4.f4 c6 5.Nf3 Nf6 6.Bd3 O-O 7.O-O e5 8.dxe5 dxe5
9.Nxe5 Qb6+ 10.Kh1 Nbd7 11.Nxd7 Bxd7 12.Qf3 Rad8 13.Bc4 Bg4 14.Qg3 Qd4 15.Bb3 Bc8
16.Re1 Rfe8 17.Be3 Qb4 18.e5 Nh5 19.Qf3 Bf8 20.Rad1 Be7 21.a3 Qa5 22.f5 Rxd1
23.Rxd1 Kh8 24.g4 f6 25.fxg6 Qxe5 26.gxh5 Be6 27.Bg1 hxg6 28.Re1 Bg4 29.Qxg4 Qxe1
30.Qxg6  1-0

[Event "Moscow ol (Men)"]
[Site "Moscow"]
[Date "1994.??.??"]
[Round "1"]
[White "Hmadi, Slaheddine"]
[Black "Said, Mahnoud"]
[Result "1/2-1/2"]
[WhiteElo "2320"]
[BlackElo "2200"]

1.e4 d6 2.d4 g6 3.Nc3 Bg7 4.Nf3 c6 5.a4 a6 6.Be2 Nd7 7.O-O Qc7 8.Re1 e5 9.dxe5 dxe5
10.b3 Ngf6 11.Ba3 Bf8 12.Bxf8 Kxf8 13.Bc4 Kg7 14.Ng5 Qa5 15.Nxf7 Qxc3 16.Nxh8 Kxh8
17.Qd6 Qd4 18.Qe6 Qc5 19.Rad1 Qf8 20.a5 Kg7 21.Rd6 Qe8 22.f4 Qxe6 23.Rxe6 exf4
24.Re7+ Kh6 25.e5 Nd5 26.Bxd5 cxd5 27.Re8 Kg7 28.e6 Nf6 29.Re7+ Kg8 30.Re5 Rb8
31.Rf7 Ng4 32.Re2 Bxe6 33.Rxf4 Bf5 34.h3 Nh6 35.g4 Be4 36.c4 Rf8  1/2-1/2

[Event "Moscow ol (Women)"]
[Site "Moscow"]
[Date "1994.??.??"]
[Round "2"]
[White "Hunt, Harriet"]
[Black "Tamin, Upi Darmayana"]
[Result "1-0"]
[WhiteElo "2225"]
[BlackElo "2140"]

1.e4 d6 2.d4 g6 3.Nc3 Bg7 4.Nf3 Nf6 5.Be2 O-O 6.O-O c6 7.a4 Bg4 8.Re1 Bxf3
9.Bxf3 e5 10.Be3 Nbd7 11.Qd2 Qc7 12.Rad1 Rfd8 13.Be2 Nf8 14.d5 c5 15.f3 a6
16.Nb1 b6 17.Na3 Nh5 18.b4 f5 19.bxc5 bxc5 20.a5 Nf6 21.Bd3 f4 22.Bf2 g5
23.Rb1 N8d7 24.Rb3 Rdb8 25.Reb1 Rxb3 26.Rxb3 Bf8 27.Qc3 Be7 28.Be1 Qa7 29.Nc4 Rb8
30.Kf1 Ne8 31.Qb2 Rxb3 32.Qxb3 Bd8 33.Na3 Kf7 34.g3 Nc7 35.Nc4 Nb5 36.Kf2 Qb8
37.Bf1 Bc7 38.Bh3 Nf6 39.Nxe5+ dxe5 40.d6+ Kg7 41.dxc7 Qxc7 42.Qe6 Qd6 43.Qxd6 Nxd6
44.gxf4 gxf4 45.Bf1 c4 46.Bb4 Nfe8 47.Ke1 Kf6 48.Kd2 Ke6 49.Kc3 Nc7 50.Bxc4+ Nxc4
51.Kxc4 Nb5 52.c3 Nd6+ 53.Kd3 Nf7 54.h4 h5 55.Bc5 Kd7 56.Kc4 Kc6 57.Bf8 Nd8
58.Bg7 Kd6 59.Bf8+ Kc6 60.Be7 Nb7 61.Kb4 Kd7 62.Bg5 Ke6 63.c4 Nd6 64.Kc5 Nf7
65.Kb6 Nxg5 66.hxg5 h4 67.c5 h3 68.c6 h2 69.c7 h1=Q 70.c8=Q+ Ke7 71.Qc5+ Kf7
72.Qd5+ Kf8 73.Qd8+  1-0

[Event "Moscow ol (Men)"]
[Site "Moscow"]
[Date "1994.??.??"]
[Round "2"]
[White "Situru, Nathanael"]
[Black "Delchev, Aleksander"]
[Result "0-1"]
[WhiteElo "2415"]
[BlackElo "2490"]

1.e4 g6 2.d4 Bg7 3.Nc3 d6 4.Nf3 Nf6 5.Be2 O-O 6.h3 c6 7.a4 Qc7 8.a5 e5 9.dxe5 dxe5
10.Be3 Nh5 11.O-O Nf4 12.Bc4 Be6 13.Nd2 Qe7 14.Re1 Bxc4 15.Nxc4 Rd8 16.Qc1 Ne6
17.Ra4 Na6 18.Rd1 Nac5 19.Ra2 Nd4 20.Rd2 Qh4 21.f3 Nce6 22.Qf1 Bh6 23.Nd1 Bf4
24.Bxf4 Nxf4 25.Qf2 Qg5 26.Kh2 Nxc2 27.Rxd8+ Rxd8 28.Qxc2 Rxd1 29.g3 Re1
30.b3 Re2+ 31.Qxe2 Nxe2 32.Rxe2 Qc1 33.Nxe5 Qd1 34.Rb2 h5 35.Kg2 b5 36.axb6 axb6
37.h4 Qa1 38.Nd3 c5 39.Kf2 b5 40.Ke2 c4 41.bxc4 bxc4 42.Rb8+ Kg7 43.Nf4 Qa2+
44.Kf1 c3 45.Ne2 Qa1+ 46.Kg2 Qe1 47.Nxc3 Qd2+  0-1

[Event "Moscow ol (Men)"]
[Site "Moscow"]
[Date "1994.??.??"]
[Round "2"]
[White "Ricardi, Pablo"]
[Black "Kakageldyev, Amanmurad"]
[Result "0-1"]
[WhiteElo "2495"]
[BlackElo "2450"]

1.d4 g6 2.e4 Bg7 3.Nc3 d6 4.Nf3 c6 5.Bg5 Nd7 6.Qd2 b5 7.e5 dxe5 8.dxe5 b4
9.Ne4 Qa5 10.Bf4 Nxe5 11.Nxe5 Bxe5 12.Bxe5 Qxe5 13.O-O-O Bf5 14.Ng3 Nf6 15.Qxb4 Rb8
16.Qd4 Qxd4 17.Rxd4 Be6 18.Ra4 Rb7 19.Ba6 Rc7 20.Re1 O-O 21.Ne4 Nxe4 22.Raxe4 Rd8
23.Bc4 Bxc4 24.Rxc4 Kf8 25.b3 Rd5 26.Re3 Ke8 27.Rb4 Rb5 28.Rbe4 e6 29.a4 Rf5
30.f3 Rd5 31.Rb4 Ke7 32.Rc3 Re5 33.h4 h5 34.Rd3 Rd5 35.Kd2 Rcd7 36.Rb8 Rxd3+
37.cxd3 Kd6 38.Ke3 Kc7 39.Rf8 Kd6 40.a5 Ke7 41.Rb8 c5 42.g4 hxg4 43.fxg4 f5
44.g5 Kd6 45.a6 Rh7 46.Rd8+ Kc7 47.Ra8 Kd6 48.Kd2 Ke5 49.Kc3 f4 50.Kc4 f3
51.h5 Rf7 52.hxg6 Rf4+ 53.d4+ cxd4 54.g7 f2 55.g8=Q f1=Q+  0-1

[Event "Moscow ol (Men)"]
[Site "Moscow"]
[Date "1994.??.??"]
[Round "2"]
[White "Rezaei, Reza"]
[Black "Said, Mahnoud"]
[Result "1-0"]
[WhiteElo "2255"]
[BlackElo "2200"]

1.e4 d6 2.d4 g6 3.Nc3 Bg7 4.f4 c6 5.Nf3 a6 6.Bd3 Bg4 7.Ne2 Nd7 8.O-O c5 9.c3 Ngf6
10.e5 Nd5 11.Be4 N7b6 12.c4 Nb4 13.dxc5 dxc5 14.Bxb7 Qxd1 15.Rxd1 Rb8 16.Be4 Bd7
17.b3 Bc6 18.Bxc6+ Nxc6 19.Be3 Nd7 20.Nc3 Rc8 21.Rd2 Bh6 22.Kf2 Nf8 23.Rad1 Ne6
24.g3 O-O 25.Ne4 Ncd8 26.Rd7 Re8 27.Nxc5 Bf8 28.Nxe6 Nxe6 29.h4 Ng7 30.Ra7 Ra8
31.Rdd7 Nf5 32.Nd4 Nxe3 33.Kxe3 Red8 34.Rxa8 Rxa8 35.c5 Rc8 36.c6 Kg7 37.c7  1-0

[Event "Moscow ol (Men)"]
[Site "Moscow"]
[Date "1994.??.??"]
[Round "3"]
[White "David, Alberto"]
[Black "Nogueiras, Jesus"]
[Result "1/2-1/2"]
[WhiteElo "2425"]
[BlackElo "2530"]

1.e4 d6 2.d4 g6 3.Nc3 Bg7 4.f4 Nc6 5.Bb5 Bd7 6.Nf3 e6 7.O-O Nge7 8.d5 exd5
9.f5 dxe4 10.f6 Bxf6 11.Nxe4 Bg7 12.Bg5 h6 13.Bf6 O-O 14.Qc1 d5 15.Bxc6 dxe4
16.Bxg7 Kxg7  1/2-1/2

[Event "Moscow ol (Men)"]
[Site "Moscow"]
[Date "1994.??.??"]
[Round "3"]
[White "Labib, Ibrahim Hasan"]
[Black "Bern, Ivar"]
[Result "0-1"]
[WhiteElo "2085"]
[BlackElo "2360"]

1.e4 g6 2.d4 Bg7 3.Nc3 d6 4.Be3 c6 5.Qd2 Nd7 6.f3 b5 7.a4 b4 8.Nd1 a5 9.h4 h5
10.Nh3 Ngf6 11.Ng5 O-O 12.Be2 e5 13.c3 Rb8 14.f4 exf4 15.Bxf4 Qe7 16.O-O Ng4
17.Bc4 Ndf6 18.Nf2 Be6 19.Nxe6 fxe6 20.Rae1 Nxf2 21.Qxf2 Kh7 22.Qg3 e5 23.Bg5 bxc3
24.bxc3 exd4 25.cxd4 Rb4 26.e5 dxe5 27.dxe5 Qc5+ 28.Kh1 Ng4 29.Rxf8 Qxf8
30.Bd3 Qf2 31.Bxg6+ Kxg6 32.Qd3+ Qf5 33.Qxf5+ Kxf5 34.e6 Re4 35.Rxe4 Nf2+
36.Kg1 Nxe4 37.e7 Nd6 38.Bd2 Bd4+ 39.Kf1 Bb6 40.Ke2 Ke6 41.Bg5 Kf7 42.Kf3 Nf5
43.g4 hxg4+ 44.Kxg4 Nxe7 45.Kf4 Nd5+ 46.Ke5 Bc7+ 47.Kd4 Bd6 48.Kc4 Nb6+ 49.Kb3 Bb4
50.Bd8 Nd7 51.Kc4 Kg6 52.Bg5 Nb6+ 53.Kb3 c5 54.Be3 c4+ 55.Kc2 Nxa4  0-1

[Event "Moscow ol (Women)"]
[Site "Moscow"]
[Date "1994.??.??"]
[Round "3"]
[White "Flear, Christine"]
[Black "Foisor, Cristina Adela B"]
[Result "1/2-1/2"]
[WhiteElo "2175"]
[BlackElo "2405"]

1.d4 d6 2.e4 g6 3.Nc3 Bg7 4.Be3 c6 5.Qd2 Nd7 6.Nf3 Qa5 7.Be2 Ngf6 8.O-O O-O
9.h3 Re8 10.a3 Qc7 11.Rad1 e5 12.d5 c5 13.Nh2 a6 14.Bh6 b5 15.Bxg7 Kxg7 16.b4 Bb7
17.Ng4 Nxg4 18.Bxg4 cxb4 19.axb4 Nb6 20.h4 h5 21.Be2 Rac8 22.Qe3 Nd7 23.Rd3 Qd8
24.Qg3 Nf6 25.Qg5 Re7 26.Bf3 Rec7 27.Nd1 Nd7 28.Qg3 Kh7 29.Ne3 Qf6 30.Bd1 Qf4
31.Qg5 f6 32.Qg3 Qxe4 33.f4 Qxb4 34.fxe5 Nxe5 35.Rxf6 Rg7 36.Rb3 Qd4 37.Rxd6 Re8
38.Re6 Rxe6 39.dxe6 Bd5 40.c3 Qd2 41.Qxe5 Qe1+ 42.Kh2 Qxh4+ 43.Kg1  1/2-1/2

[Event "Moscow ol (Men)"]
[Site "Moscow"]
[Date "1994.??.??"]
[Round "3"]
[White "Mifsud, Timothy"]
[Black "Smith, H."]
[Result "1-0"]
[WhiteElo "2170"]
[BlackElo "2105"]

1.e4 g6 2.d4 Bg7 3.Nc3 d6 4.f4 Nf6 5.Nf3 O-O 6.Be3 c6 7.Qd2 b5 8.Bd3 Ng4
9.Bg1 a5 10.h3 Nf6 11.Be3 b4 12.Ne2 Ba6 13.O-O Nbd7 14.Ng3 Qc7 15.f5 c5 16.Bxa6 Rxa6
17.fxg6 hxg6 18.c3 Raa8 19.Bh6 Nh7 20.h4 Ndf6 21.h5 e6 22.hxg6 fxg6 23.Bxg7 Qxg7
24.dxc5 dxc5 25.Qd6 Qd7 26.Qxc5 Rfc8 27.Qe5 bxc3 28.bxc3 Ra6 29.Rac1 Ng4
30.Qf4 Qa7+ 31.Nd4 Ngf6 32.Qf2 Ng4 33.Qf3 Ngf6 34.e5 Nd5 35.Ne4 Nxc3 36.Qf2 Qxd4
37.Qxd4 Ne2+ 38.Kh2 Nxd4 39.Rxc8+ Kg7 40.Rc7+ Kh6 41.Kg3 Nf5+ 42.Kf2  1-0

[Event "Moscow ol (Men)"]
[Site "Moscow"]
[Date "1994.??.??"]
[Round "4"]
[White "Sousa, Armindo"]
[Black "Said, Mahnoud"]
[Result "1/2-1/2"]
[WhiteElo "2205"]
[BlackElo "2200"]

1.e4 d6 2.d4 g6 3.Nc3 Bg7 4.f4 c6 5.Nf3 a6 6.Bd3 e6 7.O-O Ne7 8.Kh1 Nd7 9.Qe1 O-O
10.Qg3 f5 11.Ng5 Nf6 12.e5 dxe5 13.dxe5 Nh5 14.Qf2 h6 15.Nf3 Nd5 16.Nxd5 cxd5
17.c4 dxc4 18.Bxc4 Qc7 19.Bb3 Re8 20.Be3 Bd7 21.Rac1 Qd8 22.Rcd1 Qe7 23.Nd4 Kh7
24.Qf3 Rab8 25.g4 fxg4 26.Qxg4 Rbc8 27.Rd2 Bf8 28.Rg2 Qf7 29.Bc2 Rxc2 30.Rxc2 Ng7
31.Rfc1 Nf5 32.Nxf5 exf5 33.Qf3 Be6 34.Kg1 Bd5 35.Qd1 Be4 36.Rc7 Re7 37.Qd8 Bc6
38.R1xc6 bxc6 39.Rc8 Bg7 40.Rxc6 Re8 41.Qa5 g5 42.fxg5 hxg5 43.e6 Rxe6 44.Qd5 Re7
45.Qxf7 Rxf7 46.Bxg5 Bxb2 47.Rxa6 Bd4+ 48.Kg2 Rg7 49.h4 Be3 50.Kf3 Bxg5 51.hxg5 Rxg5
52.Kf4 Rh5 53.a4 Kg7 54.a5 Kf7 55.Rb6 Ke7 56.a6 Rh4+ 57.Kxf5 Ra4 58.Ke5 Kd7
59.Kd5 Ra5+ 60.Kc4 Kc7 61.Rh6 Kb8 62.Kb4 Ra1  1/2-1/2

[Event "Moscow ol (Men)"]
[Site "Moscow"]
[Date "1994.??.??"]
[Round "4"]
[White "Santo Roman, Marc"]
[Black "McNab, Colin Anderson"]
[Result "1-0"]
[WhiteElo "2420"]
[BlackElo "2465"]

1.e4 g6 2.d4 d6 3.Nc3 Bg7 4.Be3 c6 5.Qd2 Nd7 6.a4 Ngf6 7.h3 O-O 8.Nf3 Qc7
9.Be2 b6 10.O-O Bb7 11.Rfe1 Rad8 12.Rad1 a6 13.Bh6 b5 14.Bf1 e5 15.Bxg7 Kxg7
16.dxe5 dxe5 17.Qe3 Rfe8 18.Nd2 Nf8 19.Nb3 Ne6 20.Nc5 Nd4 21.Rd2 Bc8 22.Red1 Qe7
23.Nd3 c5 24.axb5 axb5 25.Ne1 b4 26.Na4 Bb7 27.f3 Nh5 28.c3 Bc6 29.Nxc5 Qxc5
30.cxd4 exd4 31.Rxd4 Ba4 32.R1d2 Nf4 33.Qf2 Qg5 34.Kh2 Ne6 35.Rxd8 Rxd8 36.Rxd8 Qxd8
37.Nd3 Bb5 38.Qe3 Qc7+ 39.Kg1 Bxd3 40.Bxd3 Qg3  1-0

[Event "Moscow ol (Men)"]
[Site "Moscow"]
[Date "1994.??.??"]
[Round "5"]
[White "Lipiniks, Leonardo"]
[Black "Sousa, Armindo"]
[Result "0-1"]
[WhiteElo "2185"]
[BlackElo "2205"]

1.e4 g6 2.d4 Bg7 3.Nc3 d6 4.Nf3 Nf6 5.Bd3 O-O 6.h3 Nc6 7.a3 e5 8.d5 Ne7 9.Be3 c6
10.dxc6 bxc6 11.Qd2 Qc7 12.Bh6 Rb8 13.Rb1 Nh5 14.g4 Nf4 15.Bxg7 Kxg7 16.Ne2 Nxe2
17.Qxe2 d5 18.Rg1 Re8 19.c4 dxe4 20.Bxe4 c5 21.Nd2 Bb7 22.Qe3 Red8 23.f3 Rd4
24.b3 Nc6 25.Rb2 Na5 26.Rg2 Qe7 27.Kf1 Nc6 28.Kg1 Rd7 29.Nb1 Nd4 30.Nc3 Bxe4
31.fxe4 Rdb7 32.Nd5 Qg5 33.Qxg5 Nf3+ 34.Kf2 Nxg5 35.b4 cxb4 36.axb4 Nxe4+
37.Ke3 Nf6 38.Nxf6 Kxf6 39.b5 Rc8 40.Rgc2 Rbc7 41.Rb4 Kg5 42.Rc3 f5 43.gxf5 gxf5
44.Ra4 h5 45.Kf3 Rc5 46.Re3 R8c7 47.Ke2 Kf4 48.Rea3 e4 49.Rxa7 Rxc4 50.Rxc7 Rxc7
51.b6 Rb7  0-1

[Event "Moscow ol (Women)"]
[Site "Moscow"]
[Date "1994.??.??"]
[Round "7"]
[White "Erneste, Inguna"]
[Black "Agababian, Naira"]
[Result "0-1"]
[WhiteElo "2285"]
[BlackElo "2205"]

1.e4 g6 2.d4 Bg7 3.Nc3 d6 4.f4 Nf6 5.Nf3 O-O 6.Be2 Na6 7.O-O c5 8.Kh1 b6
9.e5 Ne8 10.Be3 Nec7 11.exd6 exd6 12.Bf2 Nb4 13.Qd2 Bf5 14.Rac1 Bf6 15.a3 Nc6
16.Nb5 a6 17.Nxc7 Qxc7 18.c4 Rae8 19.Bd3 Be4 20.d5 Bxf3 21.gxf3 Nd4 22.Qd1 Qd7
23.Rg1 Bg7 24.b4 Re7 25.Rb1 Rfe8 26.Bh4 f6 27.Bf2 Ne2 28.Bxe2 Rxe2 29.Bg3 Bh6
30.bxc5 bxc5 31.Rb6 Bxf4 32.Rg2 Rxg2 33.Kxg2 Be5 34.Qc2 Kg7 35.Rxa6 Rb8 36.Bxe5 fxe5
37.Rc6 Qe7 38.Qe4 Rf8 39.Qg4 Rf4 40.Qh3 Rxc4 41.Rb6 Qg5+ 42.Qg3 Rc2+ 43.Kf1 Qf4
44.Rb7+  0-1

[Event "Moscow ol (Men)"]
[Site "Moscow"]
[Date "1994.??.??"]
[Round "7"]
[White "Santacruz, Cesar S"]
[Black "Moussa, Othman"]
[Result "1-0"]
[WhiteElo "2295"]
[BlackElo "2185"]

1.e4 d6 2.d4 g6 3.Nc3 Bg7 4.g3 Nc6 5.Be3 e5 6.dxe5 Nxe5 7.h3 Nf6 8.f4 Nc6
9.Bg2 O-O 10.Nge2 Re8 11.Bf2 Bd7 12.O-O b5 13.a3 Rb8 14.b4 a6 15.Qd2 Qc8
16.Kh2 Nd8 17.Rad1 Bc6 18.Qd3 Qb7 19.Nd5 Ne6 20.Nec3 Bxd5 21.exd5 Nf8 22.Rfe1 N8d7
23.Ne4 Nxe4 24.Rxe4 Rxe4 25.Qxe4 Nf6 26.Qd3 Re8 27.Re1 Rxe1 28.Bxe1 Nd7 29.c4 bxc4
30.Qxc4 Qb6 31.Qe2 Kf8 32.Bf2 Bd4 33.Bxd4 Qxd4 34.Qxa6 Qc3 35.Qc6 Qxc6 36.dxc6 Nb6
37.Bf1 Ke7 38.Bb5 d5 39.Kg2 Kd6 40.Kf3 Nc8 41.Ke3 Ne7 42.g4 f6 43.Kd4 h5
44.a4 hxg4 45.hxg4 g5 46.f5 Ng8 47.a5 Ne7 48.Ba4  1-0

[Event "Moscow ol (Men)"]
[Site "Moscow"]
[Date "1994.??.??"]
[Round "8"]
[White "Sammalvuo, Tapani"]
[Black "Bern, Ivar"]
[Result "1/2-1/2"]
[WhiteElo "2370"]
[BlackElo "2360"]

1.e4 g6 2.d4 Bg7 3.Nc3 d6 4.h3 a6 5.a4 b6 6.Be3 Bb7 7.Qd2 Nf6 8.Bd3 O-O 9.Bh6 c5
10.Bxg7 Kxg7 11.d5 e6 12.Nge2 exd5 13.exd5 Nbd7 14.O-O Qc7 15.Nf4 Rfe8 16.Rfe1 Re5
17.Bc4 Rae8 18.Nd3 Rxe1+ 19.Rxe1 Qd8  1/2-1/2

[Event "Moscow ol (Men)"]
[Site "Moscow"]
[Date "1994.??.??"]
[Round "8"]
[White "Spangenberg, Hugo"]
[Black "Azmaiparashvili, Zurab"]
[Result "0-1"]
[WhiteElo "2530"]
[BlackElo "2625"]

1.e4 d6 2.d4 g6 3.Nc3 Bg7 4.Bg5 a6 5.Qd2 b5 6.O-O-O Bb7 7.f3 Nd7 8.h4 c5
9.Nge2 Qa5 10.Kb1 b4 11.Nd5 Bxd5 12.exd5 Nb6 13.Nc1 c4 14.Qe1 Qb5 15.b3 h6
16.Bf4 Nf6 17.Bxd6 Nfxd5 18.a4 Nxa4 19.bxa4 Qxa4 20.Bxc4 Nc3+ 21.Qxc3 bxc3
22.Bb3 Qa5 23.Rhe1 Bf6 24.Na2 O-O 25.Bb4 Qb5 26.Bxe7 Bxe7 27.Rxe7 Qa5 28.Re5 Qa3
29.Nxc3 Rab8 30.Rd3 a5 31.Rb5 Rfe8  0-1

[Event "Moscow ol (Men)"]
[Site "Moscow"]
[Date "1994.??.??"]
[Round "9"]
[White "Castro Rojas, Oscar Humberto"]
[Black "Moussa, Othman"]
[Result "1-0"]
[WhiteElo "2405"]
[BlackElo "2185"]

1.e4 d6 2.d4 g6 3.Nc3 Bg7 4.f4 Nf6 5.Nf3 c5 6.Be3 cxd4 7.Nxd4 O-O 8.Be2 Nc6
9.Nb3 Bd7 10.g4 Rc8 11.g5 Ne8 12.Qd2 a6 13.Nd5 Be6 14.O-O-O Bxd5 15.exd5 Nb8
16.h4 Nd7 17.h5 Nc5 18.hxg6 hxg6 19.Nxc5 Rxc5 20.Bxc5 dxc5 21.Bg4 Nd6 22.Qh2 Re8
23.Rd3 e6 24.dxe6 fxe6 25.Qh7+ Kf7 26.Rh6 Qb6 27.c3 c4 28.Rd4  1-0

[Event "Moscow ol (Men)"]
[Site "Moscow"]
[Date "1994.??.??"]
[Round "9"]
[White "Baraat, Rafic"]
[Black "Sousa, Armindo"]
[Result "0-1"]
[WhiteElo "2205"]
[BlackElo "2205"]

1.e4 g6 2.d4 Bg7 3.Nc3 d6 4.f4 Nf6 5.Nf3 O-O 6.Bd3 Na6 7.e5 Nd7 8.Qe2 e6
9.a3 d5 10.b4 c6 11.Rb1 Nc7 12.a4 b6 13.g4 c5 14.bxc5 bxc5 15.dxc5 Nxc5 16.Ba3 Nxd3+
17.cxd3 Re8 18.h4 Ba6 19.h5 Rb8 20.hxg6 Rxb1+ 21.Nxb1 fxg6 22.Rxh7 Kxh7 23.Ng5+ Kg8
24.Qh2 Bh6 25.Qxh6 Qd7 26.Qxg6+ Qg7 27.Qxg7+ Kxg7 28.d4 Rh8 29.Bd6 Rh1+ 30.Kf2 Rxb1
31.Bxc7 Bc8 32.Nf3 Rb3 33.Bd6 Rb2+ 34.Kg3 Ra2 35.Kh4 Kg6 36.Kg3 Rxa4 37.Bc5 Ra1
38.f5+ exf5 39.Nh4+ Kf7 40.gxf5 a5 41.Kf4 a4 42.Nf3 a3 43.Ng5+ Ke8 44.Bxa3 Rxa3
45.e6 Ke7 46.Nh7 Rd3 47.Ke5 Re3+ 48.Kxd5 Bb7+ 49.Kc5 Rc3+ 50.Kb4 Rg3 51.Kc5 Be4
52.f6+ Kxe6 53.Nf8+ Kxf6 54.Nd7+ Ke6 55.Nb6 Rc3+ 56.Kb4 Rc1  0-1

[Event "Moscow ol (Women)"]
[Site "Moscow"]
[Date "1994.??.??"]
[Round "9"]
[White "Madl, Ildiko"]
[Black "Agababian, Naira"]
[Result "1/2-1/2"]
[WhiteElo "2415"]
[BlackElo "2205"]

1.e4 g6 2.d4 d6 3.Nc3 Bg7 4.Be3 c6 5.Qd2 Qc7 6.f3 Nd7 7.g4 h5 8.gxh5 Rxh5
9.Be2 Ndf6 10.O-O-O Bd7 11.Rf1 O-O-O 12.f4 Rh8 13.Bf3 Ng4 14.Bxg4 Bxg4 15.Qg2 Bh5
16.Nge2 Qd7 17.f5 Nf6 18.Nf4 Bh6 19.fxg6 Bxg6 20.Qf3 Bxf4 21.Bxf4 Rh3 22.Qe2 Qe6
23.Re1 Rdh8 24.d5 cxd5 25.Nxd5 Nxd5 26.exd5 Qxe2 27.Rxe2 R3h4 28.Rf1 R8h5
29.Bg3 Rc4 30.Rd1 Re4 31.Rxe4 Bxe4 32.c4 Kd7 33.Kd2 b5 34.b3 f5 35.Kc3 bxc4
36.bxc4 a5 37.Rd2 Rh3 38.Kd4 Rh8 39.Rb2 Ra8 40.Rb7+ Ke8 41.Rb5 Ra6 42.Rb8+ Kf7
43.h4 e5+ 44.dxe6+ Kxe6 45.Bf4 Bf3 46.Rb3 Bh5 47.Bg5 Kf7 48.Rb7+ Kg8 49.Rb5 Bf7
50.Rxf5 Rc6 51.Rxa5 Rxc4+ 52.Kd3 d5 53.Ra6 Kg7 54.Ra7 Kg8 55.Bf6 Bg6+ 56.Ke3 Re4+
57.Kd2 Be8 58.a3 Ra4 59.Rg7+ Kf8 60.Rc7 Re4 61.Rb7 Re6 62.Bg5 Re4 63.Rb4 Kf7
64.Kd3 Ke6 65.Rb6+ Kf5 66.Bd8 Ra4 67.Rb3 Ke5 68.Be7 Kf5 69.Bd8 Ke5 70.Bc7+ Kf5
71.Bg3 Kg4 72.Bf2 Bg6+ 73.Kd2 Be8 74.Rb4+ Kf5 75.Rxa4 Bxa4 76.Kc3 Be8 77.Kd4 Ke6
78.Kc5 Ke5 79.Bg3+ Ke4 80.Kd6 Kd4 81.Kc7 Bh5 82.Be1 Kc5 83.Kd7 Kb5 84.Kc7 d4
85.Kd6 Ka4 86.Bb4 d3  1/2-1/2